[Event "VIII Festival A"]
[Site "Trieste ITA"]
[Date "2006.09.07"]
[Round "7"]
[White "Pregarac, Valter"]
[Black "Mocchi, Tullio"]
[Result "1/2-1/2"]
[WhiteElo "2058"]
[BlackElo "2243"]
[PlyCount "86"]
[EventDate "2006.09.02"]

1. Nf3 d5 2. d4 Nf6 3. c4 dxc4 4. e3 e6 5. Bxc4 c5 6. O-O Nc6 7. Qe2 cxd4 8.
Rd1 Be7 9. exd4 O-O 10. Nc3 Nb4 11. Ne5 Nbd5 12. Rd3 Bd7 13. Rg3 g6 14. Bh6 Re8
15. h4 Bc6 16. h5 Nxc3 17. bxc3 Bf8 18. hxg6 hxg6 19. Bxf8 Kxf8 20. Qe3 Ng8 21.
Rh3 Qf6 22. Rh7 Re7 23. Bd3 g5 24. Rh5 Qf4 25. Rxg5 Qxe3 26. fxe3 Be8 27. Rf1
f6 28. Ng4 Rg7 29. Nxf6 Rxg5 30. Nh7+ Ke7 31. Nxg5 Nf6 32. Kf2 Bc6 33. Be2 Rg8
34. Nf3 Ne4+ 35. Ke1 Nxc3 36. Ne5 Rxg2 37. Rf7+ Kd8 38. Nxc6+ bxc6 39. Bc4 Nxa2
40. Rxa7 Nb4 41. Kf1 Rg6 42. Ke2 Nd5 43. Bxd5 cxd5 1/2-1/2

[Event "VIII Festival A"]
[Site "Trieste ITA"]
[Date "2006.09.07"]
[Round "7"]
[White "Ramesa, Davor"]
[Black "Mazi, Leon"]
[Result "0-1"]
[WhiteElo "2249"]
[BlackElo "2350"]
[PlyCount "116"]
[EventDate "2006.09.02"]

1. c4 Nf6 2. Nc3 e6 3. e4 c5 4. e5 Ng8 5. Nf3 Nc6 6. d4 cxd4 7. Nxd4 Nxe5 8.
Ndb5 a6 9. Nd6+ Bxd6 10. Qxd6 f6 11. Be3 Ne7 12. Bb6 Nf5 13. Qc5 d6 14. Qa5 Qd7
15. f4 Nc6 16. Qa3 Nce7 17. O-O-O Qc6 18. Bf2 Kf7 19. Rg1 h5 20. g3 Bd7 21. c5
d5 22. Kb1 Rad8 23. Bd3 g6 24. h3 Ng7 25. g4 hxg4 26. hxg4 Qc7 27. Ne2 Bb5 28.
Bxb5 axb5 29. g5 fxg5 30. Bd4 Ra8 31. Qc3 b4 32. Qxb4 Nc6 33. Qc3 Nxd4 34. Nxd4
gxf4 35. Rxg6 Qe5 36. Rdg1 Qe4+ 37. Qc2 Rh7 38. Qxe4 dxe4 39. Nb5 Nf5 40. R6g4
e5 41. Rg5 Ng3 42. Rxe5 Rd8 43. Nd6+ Kf6 44. Rd5 Ke6 45. Rg5 e3 46. R1xg3 fxg3
47. Rxg3 Rh1+ 48. Kc2 Rh2+ 49. Kd3 Rxb2 50. Rxe3+ Kd5 51. Kc3 Rxa2 52. Nxb7 Rb8
53. Re7 Ra3+ 54. Kd2 Kc6 55. Nd6 Rb2+ 56. Kc1 Rh2 57. Rc7+ Kd5 58. Rb7 Ra1+ 0-1

[Event "VIII Festival A"]
[Site "Trieste ITA"]
[Date "2006.09.07"]
[Round "7"]
[White "Spaan, Nathanael"]
[Black "Medancic, Rikard"]
[Result "1-0"]
[WhiteElo "2185"]
[BlackElo "2265"]
[PlyCount "85"]
[EventDate "2006.09.02"]

1. e4 e5 2. Nf3 Nc6 3. Bc4 Be7 4. d4 d6 5. Nc3 Nf6 6. dxe5 dxe5 7. Qxd8+ Bxd8
8. Be3 a6 9. Bd5 Nd7 10. O-O-O Be7 11. Rd2 Bd6 12. Rhd1 f6 13. Na4 Nd8 14. a3
Be7 15. Ne1 c6 16. Bb3 b5 17. Nb6 Nxb6 18. Bxb6 Ne6 19. Nd3 Nd4 20. Ba2 Rb8 21.
Bc5 Be6 22. Bxe6 Nxe6 23. Bxe7 Kxe7 24. Nb4 Rhc8 25. Rd7+ Kf8 26. Nxa6 Ra8 27.
R7d6 Ke7 28. Rd7+ Kf8 29. R1d6 Ng5 30. Nc5 b4 31. axb4 Ra1+ 32. Kd2 Rg1 33. h4
Nf7 34. Ne6+ Kg8 35. Rd3 Rxg2 36. Ke2 g6 37. Re7 g5 38. Rdd7 gxh4 39. Rxf7 Re8
40. Ng7 Rd8 41. Nf5 Rxd7 42. Rxd7 h5 43. Rd3 1-0

[Event "VIII Festival A"]
[Site "Trieste ITA"]
[Date "2006.09.07"]
[Round "7"]
[White "Stantic, Severino"]
[Black "Decleva, Gianni"]
[Result "1-0"]
[WhiteElo "2051"]
[BlackElo "1895"]
[PlyCount "49"]
[EventDate "2006.09.02"]

1. c4 e5 2. Nc3 Nf6 3. g3 Nc6 4. Bg2 Bc5 5. Nf3 d5 6. Qa4 O-O 7. cxd5 Nxd5 8.
O-O Nf6 9. d3 Bd7 10. Qb5 Qe7 11. Bg5 Bb6 12. Qa4 Qe6 13. Qh4 Ne8 14. h3 f6 15.
Bd2 Nd6 16. Ne1 Nf5 17. Qg4 h5 18. Qa4 Nxg3 19. Bd5 Rad8 20. Bxe6+ Bxe6 21. Qh4
Nxf1 22. Kxf1 Rd4 23. Qxh5 Bf7 24. Qf3 Bd5 25. Nxd5 1-0

[Event "VIII Festival A"]
[Site "Trieste ITA"]
[Date "2006.09.07"]
[Round "7"]
[White "Van Dongen, Leo"]
[Black "Omerzel, Nikola"]
[Result "1-0"]
[WhiteElo "1854"]
[BlackElo "1789"]
[PlyCount "79"]
[EventDate "2006.09.02"]

1. e4 e5 2. Bc4 Nf6 3. d3 Nc6 4. Nc3 Be7 5. f4 d6 6. Nf3 Bg4 7. f5 Na5 8. Bb3
c6 9. Bd2 Nxb3 10. axb3 d5 11. h3 Bxf3 12. Qxf3 h6 13. Qg3 d4 14. Ne2 Qd6 15.
Ba5 O-O 16. Bd2 Kh7 17. Qf3 Nd7 18. h4 g6 19. g4 Kg7 20. Ng3 Rh8 21. g5 hxg5
22. hxg5 Rxh1+ 23. Qxh1 Rh8 24. Qf3 Bd8 25. Rxa7 Qb8 26. f6+ Kg8 27. Ra1 Nf8
28. Qg2 Qc8 29. Kf2 b5 30. Ne2 c5 31. Qg3 Bc7 32. c3 Qb8 33. Kg2 Bd6 34. cxd4
exd4 35. Bf4 Bxf4 36. Nxf4 Qb7 37. Nd5 Rh7 38. Ne7+ Kh8 39. Qd6 Nd7 40. Rh1 1-0

[Event "VIII Festival A"]
[Site "Trieste ITA"]
[Date "2006.09.07"]
[Round "7"]
[White "Veber, Bojan"]
[Black "Heikkila, Antti"]
[Result "1-0"]
[WhiteElo "2138"]
[BlackElo "2088"]
[PlyCount "75"]
[EventDate "2006.09.02"]

1. e4 c5 2. Nc3 g6 3. g3 Bg7 4. Bg2 Nc6 5. d3 Rb8 6. f4 d6 7. Nf3 b5 8. a3 a5
9. O-O b4 10. axb4 axb4 11. Ne2 Nf6 12. h3 O-O 13. Qe1 Bb7 14. Qf2 b3 15. c4
Nb4 16. Rd1 Ra8 17. Rxa8 Qxa8 18. Nc3 Nd7 19. d4 Rc8 20. d5 Nb6 21. Bf1 Na2 22.
Nb5 Qa4 23. Na3 Nxc1 24. Rxc1 Qb4 25. e5 Ra8 26. Qe3 e6 27. dxe6 Bxf3 28. exf7+
Kf8 29. Qxf3 dxe5 30. fxe5 Rxa3 31. bxa3 b2 32. Rb1 Qd2 33. e6 Bd4+ 34. Kh1 Qg5
35. a4 Qd8 36. a5 Nc8 37. a6 Qa5 38. Qb7 1-0

[Event "VIII Festival A"]
[Site "Trieste ITA"]
[Date "2006.09.07"]
[Round "7"]
[White "Vitri, Sergio"]
[Black "Van der Plas, Robert"]
[Result "1/2-1/2"]
[WhiteElo "2105"]
[BlackElo "2198"]
[PlyCount "120"]
[EventDate "2006.09.02"]

1. d4 e6 2. Nf3 d5 3. c4 Nf6 4. cxd5 exd5 5. Nc3 c6 6. Qc2 g6 7. Bf4 Bg7 8. e3
Bf5 9. Bd3 Bxd3 10. Qxd3 O-O 11. O-O Re8 12. b4 Nbd7 13. Na4 Nh5 14. Bg5 Qc7
15. Rac1 h6 16. Bh4 g5 17. Bg3 Nxg3 18. hxg3 a6 19. Qf5 Nf6 20. Ne5 Ne4 21. Nd3
Re7 22. Nc3 Nd6 23. Qf3 Nc4 24. Rc2 Qd6 25. a4 Qg6 26. Rd1 Rae8 27. g4 Nd6 28.
b5 axb5 29. axb5 f5 30. bxc6 bxc6 31. Ne2 fxg4 32. Qxg4 h5 33. Nef4 Qxd3 34.
Nxd3 hxg4 35. Rxc6 Ne4 36. Nb4 Rd7 37. Rb6 Rf8 38. Rf1 Rf5 39. Rb5 Nc3 40. Rb8+
Bf8 41. Ra1 g3 42. Nd3 Rdf7 43. f3 Rh7 44. Raa8 Nd1 45. Re8 g4 46. Nf4 Nf2 47.
Kf1 gxf3 48. gxf3 Rh2 49. Ne6 Nh3 50. Rxf8+ Rxf8 51. Rxf8+ Kh7 52. Nf4 Rf2+ 53.
Ke1 Rxf3 54. Rf5 Nxf4 55. exf4 Kg6 56. Rg5+ Kf6 57. Ke2 Rxf4 58. Rxg3 Rxd4 59.
Rg8 Ra4 60. Kd3 Kf5 1/2-1/2

[Event "VIII Festival A"]
[Site "Trieste ITA"]
[Date "2006.09.08"]
[Round "8"]
[White "Bevilacqua, Andrea"]
[Black "Pregarac, Valter"]
[Result "1/2-1/2"]
[WhiteElo "2054"]
[BlackElo "2058"]
[PlyCount "36"]
[EventDate "2006.09.02"]

1. e4 e6 2. d4 d5 3. exd5 exd5 4. Bd3 Bd6 5. c3 Nf6 6. Nf3 O-O 7. O-O Bg4 8.
Bg5 Nbd7 9. Nbd2 c6 10. Qc2 Qc7 11. Rae1 Bxf3 12. Nxf3 h6 13. Bxf6 Nxf6 14. h3
Rfe8 15. Nh4 Rxe1 16. Rxe1 Re8 17. Rxe8+ Nxe8 18. Qe2 Qe7 1/2-1/2

[Event "VIII Festival A"]
[Site "Trieste ITA"]
[Date "2006.09.08"]
[Round "8"]
[White "Brunello, Roberta"]
[Black "Fantini, Marco"]
[Result "0-1"]
[WhiteElo "1863"]
[BlackElo "2053"]
[PlyCount "30"]
[EventDate "2006.09.02"]

1. e4 e6 2. d4 d5 3. e5 c5 4. c3 Nc6 5. Nf3 Qb6 6. a3 Bd7 7. b4 cxd4 8. cxd4
Rc8 9. Bb2 Nxb4 10. axb4 Qxb4+ 11. Qd2 Rc2 12. Bc3 Qb3 13. Qe3 Nh6 14. Nfd2
Rc1+ 15. Ke2 Qd1+ 0-1

[Event "VIII Festival A"]
[Site "Trieste ITA"]
[Date "2006.09.08"]
[Round "8"]
[White "Brunello, Sabino"]
[Black "Veber, Bojan"]
[Result "1-0"]
[WhiteElo "2391"]
[BlackElo "2138"]
[PlyCount "79"]
[EventDate "2006.09.02"]

1. e4 d6 2. d4 Nf6 3. Nc3 g6 4. Be3 c6 5. Qd2 b5 6. f3 Nbd7 7. a4 b4 8. Na2 a5
9. Nc1 Bg7 10. Nb3 Nb6 11. c4 bxc3 12. Qxc3 O-O 13. Qc2 Ba6 14. Bd2 Bxf1 15.
Kxf1 Qc8 16. Ne2 Nfd7 17. Nxa5 c5 18. Rc1 f5 19. dxc5 dxc5 20. exf5 Rxf5 21.
Nc4 Nxc4 22. Qxc4+ Kh8 23. Bc3 e5 24. a5 Qc6 25. Ke1 Re8 26. Qe4 Qb5 27. Ng3
Rf4 28. Qe2 c4 29. Ne4 Qc6 30. Rd1 Nf8 31. g3 Rf5 32. Nd6 Rxf3 33. Nxe8 Rxc3
34. Rf1 Rb3 35. Nxg7 Kxg7 36. Qxe5+ Kg8 37. Rd8 Rf3 38. Rxf3 Qxf3 39. Qd5+ Kg7
40. Qxf3 1-0

[Event "VIII Festival A"]
[Site "Trieste ITA"]
[Date "2006.09.08"]
[Round "8"]
[White "Capaliku, Aleks"]
[Black "Plani, Andrea"]
[Result "1-0"]
[WhiteElo "2099"]
[BlackElo "1896"]
[PlyCount "113"]
[EventDate "2006.09.02"]

1. f4 Nf6 2. Nf3 c5 3. e3 Nc6 4. Bb5 Qc7 5. b3 e6 6. Bb2 Be7 7. O-O a6 8. Bxc6
Qxc6 9. d3 d5 10. Nbd2 Qc7 11. Qe2 b6 12. Ne5 Bb7 13. g4 Nd7 14. Nxd7 Qxd7 15.
Bxg7 Rg8 16. Bb2 e5 17. f5 h5 18. h3 hxg4 19. hxg4 d4 20. e4 Bg5 21. Nc4 Qc7
22. Bc1 b5 23. Bxg5 Rxg5 24. Nd2 O-O-O 25. Kf2 Rdg8 26. Rg1 f6 27. Rg2 Bc6 28.
Rh1 Qg7 29. Rh4 Qe7 30. Rgh2 Be8 31. R2h3 Qg7 32. Nf1 Qe7 33. Nh2 Qa7 34. Rh6
Qe7 35. R3h4 Bf7 36. Qd2 b4 37. Qc1 a5 38. a3 Qd6 39. Qa1 Qb6 40. Kg3 Qd8 41.
Qc1 Kb7 42. a4 Qe7 43. Rh7 Qf8 44. Nf3 R5g7 45. Qh6 Be8 46. Kf2 Rxh7 47. Qxf8
Rxf8 48. Rxh7+ Kc6 49. Rh6 Kd7 50. g5 Ke7 51. Rh7+ Kd6 52. g6 Rg8 53. Nh2 Bxg6
54. fxg6 Rxg6 55. Ra7 Kc6 56. Rxa5 f5 57. Ra6+ 1-0

[Event "VIII Festival A"]
[Site "Trieste ITA"]
[Date "2006.09.08"]
[Round "8"]
[White "Cozzarin, Davide"]
[Black "Koster, Willem S."]
[Result "1/2-1/2"]
[WhiteElo "2062"]
[BlackElo "2202"]
[PlyCount "92"]
[EventDate "2006.09.02"]

1. d4 d5 2. c4 e6 3. Nc3 Nf6 4. cxd5 exd5 5. Bg5 Be7 6. e3 O-O 7. Qc2 c6 8. Bd3
Nbd7 9. Nge2 Re8 10. O-O Nf8 11. f3 a5 12. e4 dxe4 13. fxe4 Bg4 14. Rad1 h6 15.
Bxf6 Bxf6 16. e5 Bg5 17. Bf5 Bxe2 18. Nxe2 Qb6 19. Kh1 Rad8 20. Qc3 Qb4 21. Bg4
Ne6 22. Bxe6 fxe6 23. a3 Qxc3 24. bxc3 b5 25. g3 Be7 26. Ra1 g5 27. Kg2 Kg7 28.
g4 a4 29. Rfd1 Rf8 30. c4 bxc4 31. Rdc1 Rb8 32. Ra2 c5 33. Rxc4 cxd4 34. Nxd4
Rb6 35. Rxa4 Rf4 36. h3 Bc5 37. Rd2 Kg6 38. Rc4 Bxa3 39. Rc8 Rf7 40. Rc6 Rxc6
41. Nxc6 Rb7 42. Nd8 Rb2 43. Rxb2 Bxb2 44. Nxe6 Bxe5 45. Nc5 h5 46. Kf3 hxg4+
1/2-1/2

[Event "VIII Festival A"]
[Site "Trieste ITA"]
[Date "2006.09.08"]
[Round "8"]
[White "Korneev, Oleg"]
[Black "Efimov, Igor"]
[Result "0-1"]
[WhiteElo "2638"]
[BlackElo "2439"]
[PlyCount "110"]
[EventDate "2006.09.02"]

1. e4 c5 2. Nf3 d6 3. d4 cxd4 4. Nxd4 Nf6 5. Nc3 Bd7 6. Bg5 e6 7. Ndb5 Bc6 8.
Bxf6 gxf6 9. Qh5 a6 10. Nd4 Bd7 11. O-O-O Nc6 12. Nb3 Qb6 13. Rd2 O-O-O 14. g3
Be7 15. Bh3 Kb8 16. Rhd1 Be8 17. f4 Qc7 18. Kb1 Rc8 19. Re1 b5 20. Nd5 Qd8 21.
Nxe7 Nxe7 22. Red1 Qc7 23. c3 Rd8 24. Ka1 Nc8 25. Qh6 Qe7 26. Na5 Rg8 27. Bf1
Qc7 28. Nb3 Bc6 29. Bg2 Qe7 30. Qh5 Ba8 31. Qh4 f5 32. Qxe7 Nxe7 33. Nc5 fxe4
34. Rxd6 Rxd6 35. Rxd6 e3 36. Bxa8 e2 37. Nd3 Kxa8 38. Kb1 Nf5 39. Rd7 Nxg3 40.
Kc2 Ne4 41. Rxf7 Rg2 42. Ne1 Rg1 43. Kd3 Rxe1 44. Rxh7 Nc5+ 45. Kd2 Rb1 46.
Kxe2 Rxb2+ 47. Ke3 Rxa2 48. h4 Rh2 49. h5 a5 50. Kd4 Nb3+ 51. Ke5 a4 52. Kd6 a3
53. Kc6 Na5+ 54. Kb6 Nc4+ 55. Kxb5 Rb2+ 0-1

[Event "VIII Festival A"]
[Site "Trieste ITA"]
[Date "2006.09.08"]
[Round "8"]
[White "Mazi, Leon"]
[Black "Pavasovic, Dusko"]
[Result "1/2-1/2"]
[WhiteElo "2350"]
[BlackElo "2564"]
[PlyCount "170"]
[EventDate "2006.09.02"]

1. e4 e5 2. Nf3 Nc6 3. Nc3 Nf6 4. Bb5 Bd6 5. a3 O-O 6. d3 Re8 7. Ne2 Ne7 8. Ng3
Ng6 9. O-O c6 10. Ba4 Bc7 11. c3 h6 12. b4 d5 13. h3 Be6 14. Qc2 Qd7 15. Re1
Rad8 16. c4 dxc4 17. dxc4 Nf4 18. Bxf4 exf4 19. Rad1 Qc8 20. Rxd8 Rxd8 21. Nf5
Re8 22. c5 Bxf5 23. exf5 Rxe1+ 24. Nxe1 Nd5 25. Bb3 Ne7 26. f6 gxf6 27. Qe2 Ng6
28. Nf3 Qd7 29. Qe4 f5 30. Qe2 Qe7 31. Qxe7 Nxe7 32. Kf1 Kg7 33. Ke2 Ng6 34.
Kd3 Kf6 35. Bd1 Be5 36. Kc4 Nf8 37. a4 Ne6 38. Bc2 Bb2 39. h4 a5 40. b5 Ba3 41.
bxc6 bxc6 42. Nd4 Nxd4 43. Kxd4 Bb2+ 44. Kc4 f3 45. g3 Ke5 46. Bd1 Bd4 47. Bxf3
Bxf2 48. Kd3 Bxg3 49. h5 Kf4 50. Ke2 Kg5 51. Bxc6 Kxh5 52. Kf3 Be5 53. Bb5 Kg5
54. Bf1 Bd4 55. c6 Bb6 56. Bc4 Kf6 57. Kg3 Bc7+ 58. Kh4 Kg6 59. Bd3 Bd8+ 60.
Kg3 Kf6 61. Kh4 Ke5+ 62. Kh5 f4 63. Kxh6 f3 64. Kg7 f6 65. Kf7 Kd6 66. Bb5 f2
67. Kg6 Ke6 68. Kh5 Kf5 69. Kh4 Kf4 70. Kh3 Kf3 71. Kh2 f5 72. Kh3 Bc7 73. Ba6
f4 74. Bb5 Bb6 75. Ba6 Bd8 76. Bb5 Bc7 77. Ba6 Be5 78. Bb5 Bb8 79. Ba6 Bc7 80.
Bb5 Ke3 81. Kg2 Bb6 82. c7 Bxc7 83. Kf1 Bb6 84. Bc6 Kd2 85. Bb5 Kc3 1/2-1/2

[Event "VIII Festival A"]
[Site "Trieste ITA"]
[Date "2006.09.08"]
[Round "8"]
[White "Miele, Roberto"]
[Black "Cadelli, Luciano"]
[Result "0-1"]
[WhiteElo "1870"]
[BlackElo "2088"]
[PlyCount "55"]
[EventDate "2006.09.02"]

1. e4 e5 2. Nf3 Nc6 3. Bc4 Nf6 4. d3 Be7 5. Nc3 d6 6. h3 h6 7. Be3 a6 8. a3 Bd7
9. Qd2 Be6 10. Nd5 Qd7 11. b4 b5 12. Bb3 O-O 13. g4 Nh7 14. g5 h5 15. g6 fxg6
16. Ng5 Nxg5 17. Bxg5 Bxg5 18. Qxg5 Qf7 19. O-O-O Nd4 20. Ne7+ Kh7 21. Bd5 Bxd5
22. Nxd5 c6 23. Nc3 a5 24. bxa5 Rxa5 25. Kb2 Rfa8 26. Nb1 b4 27. c4 bxc3+ 28.
Nxc3 0-1

[Event "VIII Festival A"]
[Site "Trieste ITA"]
[Date "2006.09.08"]
[Round "8"]
[White "Mocchi, Tullio"]
[Black "Spaan, Nathanael"]
[Result "1/2-1/2"]
[WhiteElo "2243"]
[BlackElo "2185"]
[PlyCount "142"]
[EventDate "2006.09.02"]

1. d4 Nf6 2. Nf3 e6 3. Bf4 b6 4. e3 Bb7 5. Nbd2 Be7 6. h3 O-O 7. Bd3 d5 8. c3
c5 9. Qe2 Ba6 10. O-O Bxd3 11. Qxd3 Nc6 12. Ne5 Nxe5 13. Bxe5 cxd4 14. Bxf6
Bxf6 15. cxd4 Qd7 16. f4 Rac8 17. Rac1 Rxc1 18. Rxc1 Rc8 19. Rc3 h6 20. Nb1 g5
21. g3 gxf4 22. gxf4 Kh8 23. Rc2 Rg8+ 24. Rg2 Qc8 25. Nc3 Bh4 26. Qe2 Rxg2+ 27.
Kxg2 Qg8+ 28. Qg4 a6 29. Qxg8+ Kxg8 30. f5 Bd8 31. Kf3 Kg7 32. fxe6 fxe6 33. e4
dxe4+ 34. Kxe4 Kf6 35. Kf4 Bc7+ 36. Kg4 Kg6 37. d5 h5+ 38. Kf3 Kf5 39. dxe6
Kxe6 40. Ke4 Be5 41. Nd1 Bc7 42. Nf2 Bd8 43. Nd3 h4 44. Nb4 a5 45. Nd5 Kd6 46.
Kd4 b5 47. b3 Kc6 48. Nf4 Kd6 49. Nd3 Bf6+ 50. Ke3 Bd8 51. Ne1 Kc5 52. Nd3+ Kd6
53. Ne1 Kc5 54. Nc2 Bf6 55. Kd3 Bd8 56. Ke4 Bf6 57. Kf5 Bd8 58. Ke6 Bg5 59. Kf5
Bd8 60. Ke4 Bf6 61. Kd3 Bb2 62. Ne1 Bf6 63. Nc2 Bb2 64. Ne3 Bf6 65. Ng2 Kb6 66.
Kc2 Kc5 67. Kb1 Bg5 68. Ne1 Kb4 69. Kb2 Bf6+ 70. Kc2 Ka3 71. Kb1 Kb4 1/2-1/2

[Event "VIII Festival A"]
[Site "Trieste ITA"]
[Date "2006.09.08"]
[Round "8"]
[White "Omerzel, Nikola"]
[Black "Keetbaas, Herman"]
[Result "0-1"]
[WhiteElo "1789"]
[BlackElo "2061"]
[PlyCount "74"]
[EventDate "2006.09.02"]

1. e4 c6 2. c4 d5 3. Nc3 d4 4. Nce2 e5 5. d3 Na6 6. a3 Nc7 7. Ng3 Ne6 8. Nf3 f6
9. Be2 g6 10. Bd2 h5 11. h4 Nh6 12. Qa4 Ng4 13. Rf1 Nc5 14. Qc2 a5 15. O-O-O a4
16. Ne1 Be6 17. f3 Nb3+ 18. Kb1 Ne3 19. Bxe3 dxe3 20. Rh1 Rh7 21. Nf1 Qb6 22.
Qc3 Nd4 23. Ng3 Qb3 24. Qxb3 axb3 25. Bf1 b5 26. Ne2 b4 27. Nxd4 exd4 28. Nc2
bxc2+ 29. Kxc2 bxa3 30. b3 a2 31. Be2 Bb4 32. g4 Rha7 33. Ra1 Bc3 34. gxh5 gxh5
35. f4 Bf7 36. e5 Rb8 37. Bxh5 Bxh5 0-1

[Event "VIII Festival A"]
[Site "Trieste ITA"]
[Date "2006.09.08"]
[Round "8"]
[White "Rombaldoni, Axel"]
[Black "Varini, Massimo"]
[Result "1-0"]
[WhiteElo "2169"]
[BlackElo "2053"]
[PlyCount "91"]
[EventDate "2006.09.02"]

1. e4 e6 2. d4 d5 3. Nc3 Bb4 4. a3 Bxc3+ 5. bxc3 Ne7 6. Qg4 O-O 7. e5 c5 8. Bd3
f5 9. exf6 Rxf6 10. Bg5 Rf7 11. Qh4 g6 12. Nf3 Nbc6 13. O-O c4 14. Be2 Qa5 15.
Bxe7 Nxe7 16. Ne5 Rg7 17. Qh3 Nf5 18. Bg4 Bd7 19. Bxf5 gxf5 20. Rfe1 Ba4 21.
Qh6 Re8 22. Re3 Bxc2 23. Nd7 Rg6 24. Rg3 Rxg3 25. Nf6+ Kf7 26. Nxe8 Qxc3 27.
Nd6+ Ke7 28. Rc1 Rg4 29. Nb5 Qb2 30. h3 Rxg2+ 31. Kxg2 Be4+ 32. Kg1 Qxb5 33.
Qxh7+ Kd6 34. Qh6 Qe8 35. Qf4+ Kc6 36. f3 Bd3 37. h4 Qh5 38. Kf2 b5 39. Ke3 a5
40. Rg1 b4 41. Rg7 Kb5 42. axb4 axb4 43. Ra7 Qh8 44. Qc7 f4+ 45. Kd2 Qxd4 46.
Ra5# 1-0

[Event "VIII Festival A"]
[Site "Trieste ITA"]
[Date "2006.09.08"]
[Round "8"]
[White "Rombaldoni, Denis"]
[Black "Dzhumaev, Marat"]
[Result "0-1"]
[WhiteElo "2348"]
[BlackElo "2509"]
[PlyCount "138"]
[EventDate "2006.09.02"]

1. d4 f5 2. g3 Nf6 3. Bg2 g6 4. Nh3 Nc6 5. d5 Ne5 6. Nc3 Bg7 7. Nf4 c6 8. e4
fxe4 9. Nxe4 Nxe4 10. Bxe4 O-O 11. O-O Qb6 12. c3 d6 13. dxc6 bxc6 14. Qb3+ Kh8
15. Be3 Qc7 16. Bd4 Rb8 17. Qc2 d5 18. Bg2 Nf7 19. Bxg7+ Kxg7 20. Bh3 Bxh3 21.
Nxh3 e5 22. b3 Qd7 23. Kg2 Rbe8 24. Rae1 Nd6 25. Qd2 Nf5 26. f3 Re7 27. Rf2
Rfe8 28. Rfe2 c5 29. g4 Nh6 30. Nf2 e4 31. fxe4 d4 32. h3 Nf7 33. cxd4 cxd4 34.
Rd1 Rd8 35. Nd3 Qb5 36. Qb4 Qg5 37. Qc5 Qh4 38. Rf1 Rdd7 39. Qc6 Rc7 40. Qa4
Rcd7 41. Qa6 Qg5 42. b4 Rd8 43. Nc5 Ne5 44. Ne6+ Rxe6 45. Qxe6 d3 46. h4 Qxg4+
47. Qxg4 Nxg4 48. Rd2 Ne3+ 49. Kf2 Nxf1 50. Kxf1 Kf6 51. Kf2 Ke5 52. Ke3 Rd4
53. Rxd3 Rxe4+ 54. Kf3 Rxh4 55. Rd7 h5 56. Rxa7 Rxb4 57. Ra5+ Kf6 58. a4 h4 59.
Ra8 Kg5 60. Ra5+ Kh6 61. Ra8 Kh5 62. a5 Ra4 63. a6 Ra3+ 64. Kf2 Kg4 65. a7 g5
66. Rb8 Rxa7 67. Rb4+ Kh3 68. Rb3+ Kh2 69. Kf3 Ra4 0-1

[Event "VIII Festival A"]
[Site "Trieste ITA"]
[Date "2006.09.08"]
[Round "8"]
[White "Skok, Joze"]
[Black "Stantic, Severino"]
[Result "1-0"]
[WhiteElo "2110"]
[BlackElo "2051"]
[PlyCount "37"]
[EventDate "2006.09.02"]

1. e4 c5 2. c3 e5 3. Nf3 Nc6 4. Bc4 Be7 5. O-O Nf6 6. Re1 d6 7. h3 O-O 8. d4
cxd4 9. cxd4 Qc7 10. Bb3 Nd7 11. Nc3 Nb6 12. Be3 Na5 13. Rc1 Qb8 14. Nb5 Bd8
15. dxe5 Nxb3 16. axb3 a6 17. Nxd6 Be6 18. Nd4 Nd7 19. Nxe6 1-0

[Event "VIII Festival A"]
[Site "Trieste ITA"]
[Date "2006.09.08"]
[Round "8"]
[White "Stocek, Jiri"]
[Black "Znidarcic, Andrej"]
[Result "1-0"]
[WhiteElo "2561"]
[BlackElo "2193"]
[PlyCount "61"]
[EventDate "2006.09.02"]

1. Nf3 d5 2. d4 Nf6 3. c4 e6 4. Nc3 c6 5. Bg5 Nbd7 6. cxd5 exd5 7. e3 Bd6 8.
Bd3 h6 9. Bh4 Qa5 10. Qc2 b5 11. O-O Bb7 12. a3 O-O 13. Rac1 Rfe8 14. Rfe1 g5
15. Bg3 Bxg3 16. hxg3 Re7 17. Bf5 Kg7 18. Ra1 Qb6 19. b4 a5 20. bxa5 Rxa5 21.
Qb2 Ra8 22. Qb4 Ree8 23. a4 Ba6 24. Rab1 Reb8 25. Rec1 bxa4 26. Qxa4 Qc7 27.
Rxb8 Nxb8 28. Ne5 Bb7 29. Qb3 Bc8 30. Bxc8 Qxc8 31. Nxd5 1-0

[Event "VIII Festival A"]
[Site "Trieste ITA"]
[Date "2006.09.08"]
[Round "8"]
[White "Tratar, Marko"]
[Black "Burmakin, Vladimir"]
[Result "0-1"]
[WhiteElo "2503"]
[BlackElo "2558"]
[PlyCount "72"]
[EventDate "2006.09.02"]

1. Nf3 c6 2. c4 Nf6 3. d4 d5 4. e3 Bf5 5. Nc3 e6 6. Nh4 Be4 7. f3 Bg6 8. Qb3
Qc7 9. Bd2 Nbd7 10. g3 Be7 11. Rc1 Nb6 12. cxd5 exd5 13. Kf2 Qd7 14. a4 Nc8 15.
a5 Nd6 16. Nxg6 hxg6 17. Bd3 Rc8 18. Na4 Qc7 19. Bb4 O-O 20. Kg2 Rfe8 21. g4
Nc4 22. Bxc4 dxc4 23. Rxc4 Bxb4 24. Rxb4 Nd5 25. e4 Qf4 26. Rxb7 Rxe4 27. fxe4
Ne3+ 28. Qxe3 Qxe3 29. Nc3 Qd2+ 30. Kg3 Rd8 31. Rd1 Qe3+ 32. Kg2 Rxd4 33. Rxd4
Qxd4 34. h3 Qd2+ 35. Kf3 Qd3+ 36. Kg2 Qa6 0-1

[Event "VIII Festival A"]
[Site "Trieste ITA"]
[Date "2006.09.08"]
[Round "8"]
[White "Van Dongen, Leo"]
[Black "Grobovsek, Ivan"]
[Result "1-0"]
[WhiteElo "1854"]
[BlackElo "1950"]
[PlyCount "103"]
[EventDate "2006.09.02"]

1. e4 e5 2. Bc4 Nf6 3. d3 Be7 4. Nc3 c6 5. f4 d6 6. Nf3 exf4 7. Bxf4 a5 8. a3
O-O 9. Qd2 Be6 10. Ba2 Bxa2 11. Nxa2 Nbd7 12. Nc3 Re8 13. h3 b5 14. O-O Bf8 15.
Qf2 Ne5 16. Bg5 Be7 17. Nh4 Nfd7 18. Bxe7 Qxe7 19. d4 Ng6 20. Nf5 Qf8 21. Qg3
Re6 22. d5 Rf6 23. dxc6 Nde5 24. Nd5 Re6 25. Nc7 Qc8 26. Nxa8 Qxa8 27. Nd4 Re7
28. Nxb5 Qxc6 29. Nc3 Rb7 30. b3 Nd7 31. Rad1 Nde5 32. Kh1 h5 33. Rd2 Qc5 34.
Na4 Qxa3 35. Rfd1 Rd7 36. Qc3 d5 37. exd5 Qe7 38. Qxa5 Qh4 39. Qc3 Rd6 40. Rd4
Qg5 41. Qd2 Qg3 42. Nc3 Nf3 43. gxf3 Qxf3+ 44. Kh2 Rf6 45. Ne4 Rf5 46. Qg2 Qf4+
47. Qg3 Qh6 48. d6 h4 49. Qg4 Rh5 50. d7 f5 51. d8=Q+ Kh7 52. Nf6+ 1-0

[Event "VIII Festival A"]
[Site "Trieste ITA"]
[Date "2006.09.08"]
[Round "8"]
[White "Van der Plas, Robert"]
[Black "Bosiocic, Marko"]
[Result "1/2-1/2"]
[WhiteElo "2198"]
[BlackElo "2104"]
[PlyCount "41"]
[EventDate "2006.09.02"]

1. d4 d5 2. c4 e6 3. Nc3 Nf6 4. Nf3 Be7 5. e3 O-O 6. Bd3 b6 7. cxd5 exd5 8. O-O
Bb7 9. b3 c5 10. Bb2 Nc6 11. Rc1 cxd4 12. exd4 Bd6 13. g3 Re8 14. Bb1 a6 15.
Qd3 g6 16. Rfe1 Nb4 17. Qd2 Ne4 18. Qh6 Bf8 19. Qf4 Bd6 20. Qh6 Bf8 21. Qf4
1/2-1/2

[Event "VIII Festival A"]
[Site "Trieste ITA"]
[Date "2006.09.08"]
[Round "8"]
[White "Vitri, Sergio"]
[Black "Ramesa, Davor"]
[Result "1/2-1/2"]
[WhiteElo "2105"]
[BlackElo "2249"]
[PlyCount "67"]
[EventDate "2006.09.02"]

1. d4 Nf6 2. Nf3 g6 3. Nbd2 Bg7 4. e4 d6 5. Bd3 O-O 6. O-O Nc6 7. c3 e5 8. a3
Nd7 9. Nb3 a5 10. Be3 h6 11. Qc2 b6 12. Rfd1 Qe7 13. Nbd2 Nf6 14. d5 Nb8 15. b4
Ng4 16. Nf1 f5 17. Bd2 Nf6 18. Ng3 f4 19. Ne2 g5 20. Kh1 Nh5 21. Nfg1 Nd7 22.
c4 g4 23. f3 g3 24. h3 Qh4 25. Be1 Ndf6 26. Nc3 Nh7 27. Bf1 Rf6 28. Nb5 Rf7 29.
c5 bxc5 30. bxc5 Qd8 31. cxd6 cxd6 32. Rac1 Bf8 33. Qc6 Bb7 34. Qc2 1/2-1/2

[Event "VIII Festival A"]
[Site "Trieste ITA"]
[Date "2006.09.09"]
[Round "9"]
[White "Bosiocic, Marko"]
[Black "Mocchi, Tullio"]
[Result "1-0"]
[WhiteElo "2104"]
[BlackElo "2243"]
[PlyCount "56"]
[EventDate "2006.09.02"]

1. d4 Nf6 2. Nf3 c5 3. e3 e6 4. b3 b6 5. Bd3 Bb7 6. Bb2 Be7 7. O-O O-O 8. c4 d5
9. Nc3 Nbd7 10. Ne2 Bd6 11. Ne5 Bxe5 12. dxe5 Ng4 13. Nf4 Qh4 14. h3 Ngxe5 15.
cxd5 g5 16. dxe6 gxf4 17. exd7 Bxg2 18. Bxe5 f3 19. Qc2 Rad8 20. Bf5 f6 21. Bg3
Qh6 22. Kh2 Rf7 23. Rg1 Rfxd7 24. Bxd7 Rxd7 25. Rxg2 fxg2 26. Rd1 Qg7 27. Kxg2
Qe7 28. Rxd7 Qxd7 1-0